000 00724cam a22002533a 4500
001 37195
003 PGUSA
005 20140828083821.0
008 110824s2011||||xxu|||||s|||||000 | eng d
040 _aPGUSA
_beng
042 _adc
050 4 _aPR
100 1 _aFarquhar, George,
_d1677-1707
245 1 4 _aThe Beaux-Stratagem :
_bA comedy in five acts
_h[electronic resource] /
_cGeorge Farquhar
260 _bProject Gutenberg,
_c2011
506 _aPublic domain in the USA.
516 _aElectronic text
653 _aEnglish drama (Comedy)
653 _aComedies
700 1 _aInchbald,
_cMrs,
_d1753-1821
830 0 _aProject Gutenberg
_v37195
856 4 0 _uhttp://www.gutenberg.org/ebooks/37195
942 _cEB
999 _c266449
_d266449